Catalog

Record Details

Catalog Search



The Sky at Night Cover Image E-book E-book

The Sky at Night [electronic resource] / by Patrick Moore.

Moore, Patrick. (author.). SpringerLink (Online service) (Added Author).

Record details

  • ISBN: 9781441964090
  • Physical Description: XV, 169p. 43 illus., 33 illus. in color. online resource.
  • Publisher: New York, NY : Springer New York, 2010.
Subject: Physics.
Astronomy.
Physics.
Astronomy, Astrophysics and Cosmology.
Popular Science in Astronomy.

Electronic resources


LDR 01355nam a22003975i 4500
00115949
003CONS
00520131219115000.0
007cr nn 008mamaa
008101109s2010 xxu| s |||| 0|eng d
020 . ‡a9781441964090 ‡9978-1-4419-6409-0
0247 . ‡a10.1007/978-1-4419-6409-0 ‡2doi
035 . ‡a(DE-He213)978-1-4419-6409-0
050 4. ‡aQB1-991
050 4. ‡aQB460-466
050 4. ‡aQB980-991
072 7. ‡aPGC ‡2bicssc
072 7. ‡aSCI004000 ‡2bisacsh
072 7. ‡aSCI005000 ‡2bisacsh
1001 . ‡aMoore, Patrick. ‡eauthor.
24514. ‡aThe Sky at Night ‡h[electronic resource] / ‡cby Patrick Moore.
264 1. ‡aNew York, NY : ‡bSpringer New York, ‡c2010.
300 . ‡aXV, 169p. 43 illus., 33 illus. in color. ‡bonline resource.
336 . ‡atext ‡btxt ‡2rdacontent
337 . ‡acomputer ‡bc ‡2rdamedia
338 . ‡aonline resource ‡bcr ‡2rdacarrier
347 . ‡atext file ‡bPDF ‡2rda
650 0. ‡aPhysics.
650 0. ‡aAstronomy.
65014. ‡aPhysics.
65024. ‡aAstronomy, Astrophysics and Cosmology.
65024. ‡aPopular Science in Astronomy.
7102 . ‡aSpringerLink (Online service)
7730 . ‡tSpringer eBooks
77608. ‡iPrinted edition: ‡z9781441964083
85640. ‡uhttp://biblioteca.ipicyt.edu.mx:2048/login?url=http://dx.doi.org/10.1007/978-1-4419-6409-0 ‡yTexto completo ‡9CONS
950 . ‡aPhysics and Astronomy (Springer-11651)
901 . ‡a15949 ‡b ‡c15949 ‡tbiblio ‡sSystem Local

Additional Resources